000 00517nam a22001577a 4500
999 _c16346
_d16346
008 170313b xxu||||| |||| 00| 0 eng d
020 _a1480396241
040 _aKABU
_cKABU
050 _aML1731
_b.M87 C.1
245 _aWomen's edition 21st century musical theatre
_b50 songs from shows since 2000
260 _bHal.leonard corporation
300 _a367 p.
650 _aMusical theatre
_vHistory
_y21st century
650 _aMusicals
_vHistory and criticism
942 _2lcc
_cBK
_hML1731 .M87 C.1